Państwa na Antarktydzie (Terytoria Zależne) - Statystyki

Ogólne statystyki
  • Ten quiz został rozwiązany 11 razy
  • Średni wynik to 3 z 8
Statystyki odpowiedzi
Państwo % Poprawnych
Brytyjskie / BTA
89%
Francuskie / FTPIA
78%
Australijskie / ATZ
67%
Ziemia Królowej Maud / ZKM
44%
Dependencja Rossa / DR
22%
Ziemia Ognista
22%
Wyspa Piotra
11%
Magallanes
0%
Nie znaleziono quizów pasujących do podanych kryteriów
Rozkład punktacji
Procent ludzi z każdym wynikiem
Percentyl według liczby udzielonych odpowiedzi
Twoja historia wyników
Nie rozwiązałeś tego quizu